Géoéconomie revue trimestrielle

Salvato in:
Dettagli Bibliografici
Natura: Periodico
Lingua:francese
Pubblicazione: Paris Centre National du Livre et le soutien de l'Institut Européen de Géoéconomie 2001
Soggetti:
Tags: Aggiungi Tag
Nessun Tag, puoi essere il primo ad aggiungerne!!

MARC

LEADER 00000nas2a2200000 4500
001 0006687
005 20160720112000.2
022 |a 1284-9340 
041 0 |a fre 
044 |a FR 
245 1 0 |a Géoéconomie  |b revue trimestrielle 
264 1 |a Paris  |b Centre National du Livre et le soutien de l'Institut Européen de Géoéconomie  |c 2001 
300 |a 1 zv. 
773 0 |w eu_un_cat*s122017 
610 2 0 |a ekonómia 
610 2 0 |a hospodárstvo národné